zpět

Detail výsledku týmu

Bar U Souseda, Plzeň

Datum a čas kvízu

18.5 Celkem bodů Celkový počet nahraných bodů na tomto kvízu bez doplňovacích otázek.
11. Pořadí na kvízu Konečné umístění týmu na tomto kvízu.

Zaznamenané odpovědi

# Otázka Odpověď Body Výsledky
1. Uveďte lidový název pěvce, jen... černohlávek 0
2. Jeden americký stát zasáhla vl... Florida 0
3. V noci z neděle na pondělí byl... Bad Bunny; Kendrick Lamar 0
4. Do aukční historie se nově zap... Rembrandt (Harmenszoon van Rijn) 0
5. Německá olympionička Franziska... A 0
6. 17. února 1600 byl na Campo de... Giordano Bruno 0
7. 1. ledna 1700 jeden ruský car... Petr I. Veliký 0
8. Za kulatý letopočet budeme dne... Brouček 0
9. 19. března 1900 se v Paříži na... Frédéric Joliot-Curie 0
10. Od 15. září do 1. října 2000 s... Jan Železný; Sydney 0